000 00293nam a22001337a 4500
008 180201b xxu||||| |||| 00| 0 eng d
020 _a9780618192359
041 _aeng
080 _a37
100 _a45
101 _aedu
245 _afoundations of education
_clevine.o
942 _2udc
_cBK
999 _c41454
_d41454